000 00470nam a2200181Ia 4500
005 20250508152731.0
008 008 250505s9999 xx 000 0 eng d
037 _aTextual
040 _aFEDL
_beng
_cFEDL
041 _aeng
_2eng
084 _a593.6, LAN
_qFEDL
100 _aLane Ferdinand C
245 0 _aAbout the sea
260 _aNew York, USA
_bRandom House
_c1953
300 _a148p.
942 _cTEXL
_h593.6, LAN
999 _c1338392
_d1338392